Úroky z úverov ako náklady súvisiace s obstaraním majetku
Úroky z úverov v národnej právnej úprave účtovníctva. Úroky z úverov v smernici Európskeho parlamentu a rady. Náklady na prijaté úvery a pôžičky v IFRS. Aktivácia úrokov v US GAAP.
Gespeichert in:
| 1. Verfasser: | |
|---|---|
| Format: | Buchkapitel |
| Sprache: | Slowakisch |
| Schlagworte: | |
| Tags: |
Keine Tags, Fügen Sie das erste Tag hinzu!
|
MARC
| LEADER | 00000naa$a2200000$$$4500 | ||
|---|---|---|---|
| 001 | 0179039 | ||
| 005 | 20240502073036.5 | ||
| 041 | 0 | |a slo | |
| 044 | |a SK | ||
| 245 | 1 | 0 | |a Úroky z úverov ako náklady súvisiace s obstaraním majetku |c Beáta Bednárová |
| 520 | |a Úroky z úverov v národnej právnej úprave účtovníctva. Úroky z úverov v smernici Európskeho parlamentu a rady. Náklady na prijaté úvery a pôžičky v IFRS. Aktivácia úrokov v US GAAP. | ||
| 610 | 2 | 0 | |a štandardy účtovné medzinárodné |
| 610 | 2 | 0 | |a štandardy účtovné americké |
| 610 | 2 | 0 | |a IFRS |
| 610 | 2 | 0 | |a úrok |
| 610 | 2 | 0 | |a úver |
| 610 | 2 | 0 | |a náklady |
| 610 | 2 | 0 | |a pôžičky |
| 610 | 2 | 0 | |a majetok |
| 610 | 2 | 0 | |a legislatíva |
| 610 | 2 | 0 | |a smernice |
| 610 | 2 | 0 | |a Slovensko |
| 610 | 2 | 0 | |a Európska únia |
| 100 | 1 | |a Bednárová, Beáta | |